| 000 | 00493nam a2200133 a 4500 | ||
|---|---|---|---|
| 008 | 120416s1971 ||||||||||||||||| || u | ||
| 050 | _aLC 65 Ada | ||
| 100 | _aAdams, Don | ||
| 245 | 1 | 0 |
_aEducation in national development _cedited by Don Adams |
| 260 |
_aLondon _bRoutledge and Kegan Paul _c1971 |
||
| 300 | _avi, 234p. | ||
| 350 | _a0.00 | ||
| 995 |
_D0.00 _FCBU-MAIN LIBRARY (Kitwe) _H1 _I0.00 _M1 _UAVAILABLE _ZAnnex Low-Usage Collection |
||
| 999 |
_c41145 _d41145 |
||